Finley Peter Dunne & Mr. Dooley : the Chicago years /

Bibliographic Details
Main Author: Fanning, Charles
Other Authors: Dunne, Finley Peter, 1867-1936
Format: Book
Language:English
Published: Lexington : University Press of Kentucky, [1978]
Subjects:

MARC

Tag First Indicator Second Indicator Subfields
LEADER 00000cam a2200000 i 4500
001 in00000226313
005 20151009072530.0
008 790522s1978 kyuabf b 00110 eng
010 |a  77075483  
020 |a 0813113652 :  |c $14.50 
035 |a (OCoLC)04530237 
035 |9 AAY9436AM 
040 |a DLC  |c DLC  |d TXA  |d UtOrBLW 
049 |a TXAM  |c [1495752] 
050 0 0 |a PS3507.U6755  |b Z63 
082 0 |a 818/.5/207 
100 1 |a Fanning, Charles. 
245 1 0 |a Finley Peter Dunne & Mr. Dooley :  |b the Chicago years /  |c Charles Fanning. 
264 1 |a Lexington :  |b University Press of Kentucky,  |c [1978] 
264 4 |c ©1978 
300 |a x, 286 pages, 4 unnumbered leaves of plates :  |b illustrations, maps (on lining papers) ;  |c 24 cm. 
336 |a text  |b txt  |2 rdacontent 
337 |a unmediated  |b n  |2 rdamedia 
338 |a volume  |b nc  |2 rdacarrier 
500 |a Includes excerpts from articles by Dunne which appeared in Chicago newspapers. 
504 |a Includes bibliographical references and index. 
600 1 0 |a Dunne, Finley Peter,  |d 1867-1936  |x Criticism and interpretation. 
700 1 |a Dunne, Finley Peter,  |d 1867-1936. 
999 |a MARS 
999 f f |s 5b8a8713-e196-386a-a216-dac83427f937  |i 2fa6177a-f3a2-39d5-9100-81f771c968d6  |t 0 
952 f f |p ric  |a Texas A&M University  |b Rellis Campus  |c Joint Library Facility  |d Remote Storage  |t 0  |e PS3507.U6755 Z63  |h Library of Congress classification  |i unmediated -- volume  |m A14804083829 
998 f f |a PS3507.U6755 Z63  |t 0  |l Remote Storage